000 00483cam a2200205ua 4500
001 9395
005 20260515114448.0
008 150822n ii |||gr||||Z||||||asm
040 _cMAIN
041 _aasm
082 _a338.5
100 _aAhmed, Rofique,
_eAuthor.
245 0 _aByastigata arthavigyan
_cby Rofique Ahmed
250 _a1st ed.
260 _aJorhat:
_bUnika prakashan,
_c2013.
300 _a334p.
653 _aProduction
653 _aMicroeconomics
942 _cBK
999 _c8443
_d8443